It looks like you're offline.
Open Library logo
additional options menu

MARC Record from Scriblio

Record ID marc_records_scriblio_net/part25.dat:187963998:641
Source Scriblio
Download Link /show-records/marc_records_scriblio_net/part25.dat:187963998:641?format=raw

LEADER: 00641cam 22002178a 4500
001 96027321
003 DLC
005 19990421172531.6
008 960722s1996 cau 000 0ceng
010 $a 96027321
020 $a1881649970
040 $aDLC$cDLC$dDLC
050 00 $aCT105$b.F33 1996
082 00 $a920.073$aB$220
100 1 $aBazrod, Sondra Farrell.
245 10 $aOne-minute superstars :$bordinary people who had their moment of fame and lost it /$cby Sondra Farrell.
260 $aLos Angeles :$bGeneral Pub. Group,$c1996.
263 $a9611
300 $ap. cm.
650 0 $aCelebrities$xBiography.
650 0 $aBiography$xMiscellanea.